Normal view
MARC view
- N.A. Mott, E. A. Davis
Entry Personal Name
001 - CONTROL NUMBER
- control field: 128957
003 - CONTROL NUMBER IDENTIFIER
- control field: NUST
005 - DATE AND TIME OF LATEST TRANSACTION
- control field: 20250515120741.0
008 - FIXED-LENGTH DATA ELEMENTS
- fixed length control field: 250515|| aca||aabn | a|a d
040 ## - CATALOGING SOURCE
- Original cataloging agency: NUST
- Transcribing agency: NUST
100 ## - HEADING--PERSONAL NAME
- Personal name: N.A. Mott, E. A. Davis
670 ## - SOURCE DATA FOUND
- Source citation: Work cat.: (NUST)564483: N.A. Mott, E. A. Davis, Electronic Processes in Non-Crystalline Materials /, 1979
